| Tag |
First Indicator |
Second Indicator |
Subfields |
| LEADER |
00000cam a2200000 a 4500 |
| 001 |
in00000024692 |
| 005 |
20151007054353.0 |
| 008 |
870403s1987 nyua 00100 eng |
| 010 |
|
|
|a 87006967
|
| 020 |
|
|
|a 0139357505 (pbk.) :
|c $19.95
|
| 035 |
|
|
|a (OCoLC)15548791
|
| 035 |
|
|
|9 AAB4835AM
|
| 040 |
|
|
|a DLC
|c DLC
|d TXA
|d UtOrBLW
|
| 049 |
|
|
|a TXAM
|c [A11031956]
|
| 050 |
0 |
0 |
|a NC1882
|b .U48 1987
|
| 082 |
0 |
|
|a 741.6/6
|2 19
|
| 245 |
0 |
4 |
|a The Ultimate album cover album /
|c compiled by Roger Dean and David Howells, and Storm Thorgerson for parts 1 & 2 ; text Dominy Hamilton, Colin Greenland and Bob Fisher.
|
| 250 |
|
|
|a 1st Prentice Hall Press ed.
|
| 264 |
|
1 |
|a New York :
|b Prentice Hall Press,
|c 1987.
|
| 300 |
|
|
|a 220 pages :
|b color illustrations ;
|c 30 cm.
|
| 336 |
|
|
|a text
|b txt
|2 rdacontent
|
| 337 |
|
|
|a unmediated
|b n
|2 rdamedia
|
| 338 |
|
|
|a volume
|b nc
|2 rdacarrier
|
| 500 |
|
|
|a Includes index.
|
| 650 |
|
0 |
|a Sound recordings
|x Album covers.
|
| 700 |
1 |
|
|a Dean, Roger,
|d 1944-
|
| 700 |
1 |
|
|a Howells, David,
|d 1941-
|
| 700 |
1 |
|
|a Thorgerson, Storm,
|d 1944-2013.
|
| 999 |
|
|
|a MARS
|
| 999 |
f |
f |
|s d6b0d9b1-83e7-3a04-9a65-798aa7d44d0a
|i 341d66bb-d0ba-35e7-92f0-7f57c4d9349e
|t 0
|
| 952 |
f |
f |
|p normal
|a Texas A&M University
|b College Station
|c Sterling C. Evans Library
|d Evans: Library Stacks
|t 0
|e NC1882 .U48 1987
|h Library of Congress classification
|i unmediated -- volume
|m A14811031956
|
| 998 |
f |
f |
|a NC1882 .U48 1987
|t 0
|l Evans: Library Stacks
|